000 00723nam a2200241 i 4500
001 bg
100 1 _aOSIŃSKA, Magdalena
245 1 0 _aEkonometryczne modelowanie oczekiwań gospodarczych /
_cMagdalena Osińska.
260 _aToruń :
_bWydaw. Uniwersytetu Mikołaja Kopernika,
_c2000.
300 _a202 s. :
_bil. ;
_c24 cm.
500 _aStreszcz. ang.
504 _aBibliogr. - Indeks.
650 9 _aEkonometria
_xmetody
650 9 _aGospodarka
_xprognozy
_xmetody
651 9 _aPolska
_xgospodarka
_yod 1989 r.
020 _a8323111669
040 _cBPK
041 0 _apl
_ben
080 _a338.27(438)"1989/...":330.43
920 _a83-231-1166-9
942 _cKS
008 s pl f |000 0 pol
999 _c42396
_d42396
856 _uhttp://koha.tu.koszalin.pl/cgi-bin/koha/opac-detail.pl?biblionumber=42396
_yKatalog online BPK